000 00767 a2200229 4500
005 20260327113130.0
008 260327b |||||||| |||| 00| 0 eng d
020 _a9789360629380 (hbk)
037 _cTB
040 _aCRL
_cCRL
041 _2URD
_aURD
084 _aO168,3N46:g R6
_bCRL
100 _aKande, Munawwar Ahmad
_91115754
245 _aSada-e-bazgasht:
_bNazeer Fatehpuri ki 21 nazmon ka tajziyati mutala
260 _aNew Delhi, India:
_bEducational publishing house,
_c2026.
300 _a176p.
365 _b250.00
_cINR
650 _aUrdu Literature
650 _aUrdu Fiction
942 _cTB
_2CC
_hO168,3N46:g R6
999 _c1679640
_d1679640